| 000 | 01245nam a2200313 c 4500 | ||
|---|---|---|---|
| 003 | BLK | ||
| 005 | 20231118131408.0 | ||
| 008 | 180411b bul|||||r ||||||| ||bul|| | ||
| 010 | _aKNG00196491000 | ||
| 040 | _aBLK | ||
| 041 |
_aBUL _cBUL |
||
| 080 |
_aНародни приказки _b398.21 _x _z398.21 |
||
| 100 | 1 |
_aРускова, Екатерина Т. _eпърви автор _9344363 |
|
| 139 |
_aРускова, Екатерина Т. _bР 95 |
||
| 245 | 1 | 0 |
_aПоетика на смешното в българските народни приказки : Приказки за хитреци _bИзследване _cЕкатерина Т. Рускова. |
| 257 | _aBGR | ||
| 260 |
_аСофия _bНаука и изкуство _c1987 _fЯмбол : Г. Димитров |
||
| 300 |
_a216 с. _bсъс сх. _c22 см |
||
| 380 | _a3 | ||
| 500 | _a1 603 тир. | ||
| 650 | 4 |
_aНародни приказки, български _9274076 |
|
| 653 | _aнародни приказки | ||
| 852 | _aЦб 150271 | ||
| 856 | 4 |
_qpdf _u |
|
| 856 | 4 |
_qpdf _u |
|
| 942 |
_cKNG _n0 _02 |
||
| 944 |
_aCR _c18.11.2016 _k30576 _lЦветомила Тодорова |
||
| 944 |
_aED _c18.11.2016 _kРадостина_Карадакова |
||
| 999 |
_c187478 _d187478 |
||